000 00520nam a22001937a 4500
003 MPLRDC
005 20220104194806.0
008 210129b ||||| |||| 00| 0 eng d
020 _a978-986-5896-21-8
082 _a874.57 MCI
100 _aJAY MCINERNEY
245 _a如此灿烂,这个城市
_c梁永安 译
250 _a初版三刷
260 _a台湾
_b宝瓶文化事业有限公司
_c2013
300 _b
490 _aISLAND. 194
650 _a美国文学--长篇小说
942 _cBK
_o874.57 MCI
999 _c65871
_d65861